Open Data Biblioteca Nacional de Portugal


República Portuguesa: Ministério da Cultura
Biblioteca Nacional de Portugal

Catálogo da BNP: acesso por Identificadores Unívocos
Registos Bibliográficos associados ao registo de autoridade

Etiqueta de registo: 00878cas 2200277 450
001 965268
003 http://id.bnportugal.gov.pt/bib/catbnp/965268
100 ## $a20000513b19321935m y0pory01030103ba
101 0# $apor
102 ## $aPT
106 ## $ae
110 ## $accazz 0uu0
200 1# $a A Bola$etodos os desportos, cinema, teatros, etc.$fpropr. Sociedade Editorial ABC$gdir. Tavares da Silva$ged. João Pereira e Sousa
207 #0 $aA. 1, nº 1 (30 out. 1932) - a. 3, nº 99 (10 ag. 1935)
210 #9 $aLisboa$cSociedade Editorial ABC,$d1932-1935
215 ## $d43 cm
326 ## $aSemanal
620 ## $dLisboa
675 ## $a796/799(05)$vBN$zpor$3289218
675 ## $a791(05)$vBN$zpor$3304286
702 #1 $aSousa,$bJoão Pereira e$4340$31950399
702 #1 $aSilva,$bTavares$4300$3869937
712 02 $aSociedade Editorial ABC$4650$3277754
801 #0 $aPT$bBN$gRPC
966 ## $lBN$mFGJOR$sJ. 4041 G.$x1

Etiqueta de registo: 00379nas 2200205 450
001 2280305
003 http://id.bnportugal.gov.pt/bib/catbnp/2280305
100 ## $a20260315b19401940m y0pory01030103ba
101 0# $apor
102 ## $aPT
106 ## $ar
110 ## $aacuzz 0uu0
200 1# $a O Faísca$fpropr. Sociedade Editora A. L. M. A.$gdir. João Pereira e Sousa
207 #0 $aA. 1, nº 1 (11 jan. 1940)
210 #9 $aLisboa$cSociedade Editora A. L. M. A.,$d1940
215 ## $d30 cm
317 ## $aColeção Leandro de Moraes Sarmento$5PTBN: L.M.S. 158
326 ## $aSemanal
606 ## $aBanda desenhada$x[Periódicos]$2SIPOR$3887831
606 ## $aPublicações juvenis$x[Periódicos]$2SIPOR$31153481
620 ## $dLisboa
675 ## $a087.5(05)$vBN$zpor$3288171
702 #1 $aSousa,$bJoão Pereira e$4300$31950399
712 02 $aSociedade Editora A. L. M. A.$4650$3803180
801 #0 $aPT$bBN$gRPC
966 ## $lBN$mFGREV$pBiblioteca particular Leandro Moraes Sarmento$sL.M.S. 158 $x3

OpendataBNP@bnportugal.pt | Mais informação sobre acesso aos dados BNP